000 00727nam a2200193Ia 4500
008 151121s9999||||xx |||||||||||||| ||und||
082 _a818/गांगल
082 _bHNW-53630
100 _aगांगल दिनकर
245 _aग्रंथमाला खंड एक अंश दोन
260 _b"चिटणीस, ग्रंथाली वाचक चळवळ, मुंबई"
260 _c--
300 _a124
600 _aगांगल दिनकर
630 _aग्रंथमाला खंड एक अंश दोन
700 _aगांगल दिनकर
730 _aग्रंथमाला खंड एक अंश दोन
942 _cBOOK
999 _c1237182
_d1237179